000 00745nam a2200205Ia 4500
003 GCL
008 140319s9999 xx 000 0 ara d
040 _aGCL /
_cGCL
082 0 4 _a370
_bج م
100 1 _aجامعة حلوان
245 1 0 _aمستقبل التعليم فى الوطن العربى بين الاقليمية والعالمية 20 - 21 ابريل 1996 /
_cجامعة حلوان
300 _a723 ص
490 _aالهيئة العامة للاستعلامات
_v0
650 0 4 _aالتعليم
650 0 4 _aالادارة التعليمية
650 0 4 _aالتعليم - الوطن العربى
650 0 4 _aالتربية - الوطن العربى
650 0 4 _aالمناهج التعليمية
942 _2ddc
_cBK
999 _c49179
_d49179